Conductas sexuales de riesgo en los estudiantes de la facultad de ciencias de la salud, corporacion universitaria rafael nuñez, cartagena 2017 / (Registro nro. 3974)

Detalles MARC
000 -LEADER
fixed length control field 01827nam a2200265 4500
001 - CONTROL NUMBER
control field 0000000551
005 - DATE AND TIME OF LATEST TRANSACTION
control field 20250329165433.0
008 - FIXED-LENGTH DATA ELEMENTS--GENERAL INFORMATION
fixed length control field 170718s2017 000 0 eng d
040 ## - CATALOGING SOURCE
Original cataloging agency CO-CtgCURN
Language of cataloging spa
Transcribing agency coctgcurn
082 0# - DEWEY DECIMAL CLASSIFICATION NUMBER
Classification number ENF 2017
Item number J614
100 1# - MAIN ENTRY--PERSONAL NAME
Personal name Martelo Barroso, Viannys.
245 10 - TITLE STATEMENT
Title Conductas sexuales de riesgo en los estudiantes de la facultad de ciencias de la salud, corporacion universitaria rafael nuñez, cartagena 2017 /
Statement of responsibility, etc. Viannys Martelo Barroso; Camilo Moreno Rivera; Michelena Posada Puerta; Yesica Jimenez Cantillo; Asesor: Sandra Lorena Vallejo Arias.
260 ## - PUBLICATION, DISTRIBUTION, ETC.
Place of publication, distribution, etc. Cartagena de Indias :
Name of publisher, distributor, etc. Corporación Universitaria Rafael Núñez,
Date of publication, distribution, etc. 2017.
504 ## - BIBLIOGRAPHY, ETC. NOTE
Bibliography, etc. note Trabajo de grado (Enfermera). Corporacion Universitaria Rafael Nuñez. Facultad de Ciencias de la Salud. Enfermeria, 2027.
520 ## - SUMMARY, ETC.
Summary, etc. Esta investigacion se plateo con el objetivo de determinar cuales son las conductas sexuales de riesgo presentes en los estudiantes de la Facultad Ciencias de la Salud de la Corporacion Universitaria Rafael Nuñez, en el presente año, buscando aportar asi, datos valiosos, pertinentes y basados en evidencia, que lleven a comprender en que medida dichas conductas influyen en el comportamiento y emociones de esta poblacion objeto de estudio.
650 #0 - SUBJECT ADDED ENTRY--TOPICAL TERM
Topical term or geographic name entry element Enfermeria
General subdivision Tesis y disertaciones academicas.
700 1# - ADDED ENTRY--PERSONAL NAME
Personal name Martelo Barroso, Viannys.
700 1# - ADDED ENTRY--PERSONAL NAME
Personal name Moreno Rivera, Camilo.
700 1# - ADDED ENTRY--PERSONAL NAME
Personal name Posada Puerta, Michelena.
700 1# - ADDED ENTRY--PERSONAL NAME
Personal name Jimenez Cantillo, Yesica.
700 1# - ADDED ENTRY--PERSONAL NAME
Personal name Vallejo Arias, Sandra Lorena.
856 ## - ELECTRONIC LOCATION AND ACCESS
Uniform Resource Identifier <a href="https://unicurn.sharepoint.com/:b:/s/biblioteca/EfsC62N53gNJhyt-1RMHu8QBwAmNadPXBg5qKwKSHX_cxA?e=GTvXkF">https://unicurn.sharepoint.com/:b:/s/biblioteca/EfsC62N53gNJhyt-1RMHu8QBwAmNadPXBg5qKwKSHX_cxA?e=GTvXkF</a>
Public note Click aqui para ver el recurso en texto completo
942 ## - ADDED ENTRY ELEMENTS (KOHA)
Classification part ENF 2017
Item part J614
Source of classification or shelving scheme Dewey Decimal Classification
Koha item type Trabajos de grado
Existencias
Withdrawn status Lost status Source of classification or shelving scheme Damaged status Not for loan Collection Home library Current library Shelving location Date acquired Source of acquisition Cost, normal purchase price Inventory number Total checkouts Full call number Barcode Date last seen Copy number Price effective from Koha item type
    Dewey Decimal Classification     Trabajos de grado Miguel Henríquez Emiliani Miguel Henríquez Emiliani Trabajo de grado 01/06/2017 El autor 350000.00 018753   ENF 2017 J614 018753 01/06/2017 1 01/06/2017 Trabajos de grado